Normal view
MARC view
Entry Personal Name
001 - CONTROL NUMBER
- control field: 72749
003 - CONTROL NUMBER IDENTIFIER
- control field: dpl
005 - DATE AND TIME OF LATEST TRANSACTION
- control field: 20241011161548.0
008 - FIXED-LENGTH DATA ELEMENTS
- fixed length control field: 241011|| aca||aabn | a|a d
040 ## - CATALOGING SOURCE
- Original cataloging agency: dpl
- Transcribing agency: dpl
100 ## - HEADING--PERSONAL NAME
- Personal name: Freud, Sigmund,
- Dates associated with a name: 1856-1939.
- Title of a work: Traumdeutung
670 ## - SOURCE DATA FOUND
- Source citation: Work cat.: (dpl)206354: Freud, Sigmund 72748, The interpretation of dreams/, 2024
